Sports Quiz

Random Sports or Tennis Quiz
Score 0/16 Timer 05:00
14 Plays Today
Letter Champions % Correct
NNewcombe, Nadal, Navratilova, Novotna
94%
WWade, Williams, Williams
93.6%
FFederer
91.2%
MMcEnroe, Murray, Martínez, Mauresmo, Muguruza
91%
AAshe, Agassi
89.5%
SSmith, Stich, Sampras, Sharapova
88.9%
BBorg, Becker, Bartoli
88.7%
DDjokovic, Davenport
82%
Letter Champions % Correct
CConnors, Cash, Court, Cawley
72.5%
EEvert, Edberg
71.1%
GGoolagong, Graf
67.5%
HHalep, Hewitt, Hingis
66.7%
KKing, Kvitová, Kodeš, Krajicek, Kerber
65.4%
IIvanišević
46.3%
LLaver, Lloyd
44.4%
JJones
30.5%
Come Together.
Have Fun.
All Virtual.
We all need to come together. Play Sporcle's virtual live trivia to have fun, connect with people, and get your trivia on. Join a live hosted trivia game for your favorite pub trivia experience done virtually. If a virtual private party is more your thing, go here for details.

You're not logged in!

Compare scores with friends on all Sporcle quizzes.
OR
Log In

Sporcle TV

Today on Sporcle TV


Watch our educational content, quiz creation guides, and fun videos on Sporcle TV.

Show Comments

Extras

Top Quizzes Today


Score Distribution

Paid Content

Your Account Isn't Verified!

In order to create a playlist on Sporcle, you need to verify the email address you used during registration. Go to your Sporcle Settings to finish the process.

Report this User

Report this user for behavior that violates our Community Guidelines.

Details: